Statistics for Hamilton Trivia

Click here to take the quiz!

General Stats

  • This quiz has been taken 789 times
  • The average score is 7 of 12

Answer Stats

HintAnswer% Correct
Writer + First Alexander HamiltonLin-Manuel Miranda
94%
Yo, I'm just like my country, young, ______, and hungryscrappy
94%
The actress who plays Maria Reynolds also playsPeggy
88%
The state where the majority of Act 1 takes placeNew York
85%
Christopher Jackson played...Washington
80%
Original Lafayette/JeffersonDaveed Diggs
70%
Authors of the Federalist Papers: Hamilton, Madison andJohn Jay
65%
Aaron Burrsir
64%
The Hamilton ________ (Released in 2016)Mixtape
37%
Broadway Theatre (2016)Richard Rodgers
19%
London TheatreVictoria
17%
Je m'appelleLafayettte
8%

Score Distribution

Percentile by Number Answered

Percent of People with Each Score

Your Score History

You have not taken this quiz